| 000 | 00501 a2200169 4500 | ||
|---|---|---|---|
| 999 |
_c8255 _d8255 |
||
| 010 | _aENG-88387 | ||
| 020 |
_a8183241867 _c550.00 |
||
| 035 | _aEN-71920 | ||
| 037 | _bDBAD / PUB | ||
| 082 | 1 | 4 | _a338.709545 |
| 245 | 1 |
_aIndustrialisation in north-eastern region/ _cedited by Jaynal U.Ahmed |
|
| 260 |
_aNew Delhi _bMittal Publications _c2007 |
||
| 300 |
_axvi, 203 p. : _c22cm (Hb) |
||
| 500 | _aincludes index | ||
| 700 | 1 | _aJaynal U.Ahmed | |
| 942 |
_adpl _cEN _2ddc _h338.709545 _mIND |
||